| 000 | 00887nam a2200253 a 4500 | ||
|---|---|---|---|
| 003 | CBULib | ||
| 005 | 20240515094152.0 | ||
| 008 | 190521s2015 ||||||||||||||||| || u | ||
| 040 |
_aCBULib _bEnglish _cCBULib _erda |
||
| 041 | _aeng | ||
| 050 | _aUNCTAD(058)LDCRO/2015 | ||
| 110 | _aUnited Nations Conference on Trade and Development (UNCTAD) | ||
| 245 | 1 | 4 |
_aThe least developed countries report 2015: Transforming Rural Economies overview _c/ by United Nation Conference on Trade and Development (UNCTAD) |
| 260 |
_aNew York : _bUnited Nations, _c2015 |
||
| 300 | _a22 pages | ||
| 336 |
_2rdacontent _aText | _btxt |
||
| 337 |
_2rdamedia _aUnmediated | _bn |
||
| 338 |
_2rdacarrier _aVolume _bnc |
||
| 650 | 0 | _aCOMMERCE | |
| 650 | _aECONOMICAL HISTORY | ||
| 650 | _aDEVELOPING COUNTRIES | ||
| 942 |
_2mc _c029 |
||
| 999 |
_c49045 _d49045 |
||